Automated statistical based worm discovery using packet frequency burst detection /
Saved in:
| Main Author: | |
|---|---|
| Format: | Thesis Book |
| Language: | English |
| Published: |
2009.
|
| Subjects: | |
| Online Access: | http://dspace.fsktm.um.edu.my/handle/1812/447 |
| Tags: |
Add Tag
No Tags, Be the first to tag this record!
|
| LEADER | 01065cam a2200265 a 4500 | ||
|---|---|---|---|
| 001 | u780926 | ||
| 003 | SIRSI | ||
| 005 | 200910261645 | ||
| 008 | 091026s2009 my t 000 0 eng m | ||
| 040 | |a UMM | ||
| 090 | |a QA76 |b UM 2009 Ahmhmi | ||
| 100 | 0 | |a Ahmad Helmi Mohd. Isa. | |
| 245 | 1 | 0 | |a Automated statistical based worm discovery using packet frequency burst detection / |c Ahmad Helmi bin Mohd. Isa. |
| 260 | |c 2009. | ||
| 300 | |a ix, 114 leaves : |b ill. ; |c 30 cm. | ||
| 502 | |a Dissertation (M.Comp.Sc) -- Jabatan Sistem dan Teknologi Komputer, Fakulti Sains Komputer dan Teknologi Maklumat, Universiti Malaya, 2009. | ||
| 504 | |a Bibliography: leaves 110-113. | ||
| 650 | 0 | |a Computer security. | |
| 650 | 0 | |a Computer viruses. | |
| 650 | 0 | |a Computer networks |x Security measures. | |
| 710 | 2 | |a Universiti Malaya. |b Jabatan Sistem dan Teknologi Komputer. | |
| 856 | 4 | 1 | |u http://dspace.fsktm.um.edu.my/handle/1812/447 |
| 900 | |a NSR-ZA | ||
| 596 | |a 1 | ||
| 999 | |a QA76 UM 2009 AHMHMI |w LC |c 1 |i A514341105 |d 23/3/2010 |f 23/3/2010 |g 1 |l STACKS |m P01UTAMA |r Y |s Y |t TESIS |u 23/3/2010 | ||
